000 00803nam a2200205Ia 4500
003 GCL
008 140319s9999 xx 000 0 ara d
040 _aGCL /
_cGCL
082 0 4 _a810.8
_bم م
100 1 _aمصطفى لطفى المنفلوطى
245 1 0 _aمصطفى لطفى المنفلوطى :
_bالعبرات الفضيلة اوبول وفرجينى /
_cمصطفى لطفى المنفلوطى
700 1 _aطه وادى
260 _aالقاهرة :
_bالشركة المصرية العالمية للنشر _ لونجمان ،
_c1991
300 _a187 ص ؛
_c24 سم
490 _aالصفوة
_v0
650 0 4 _aالمقالات العربية
650 0 4 _aمصطفى لطفى المنفلوطى
650 0 4 _aالادب العربى - العصر الحديث
942 _2ddc
_cBK
999 _c37646
_d37646